| 000 | 00706nam a2200205 u 4500 | ||
|---|---|---|---|
| 005 | 20231017063736.0 | ||
| 008 | 101018s1988 mx r 000 0 spa d | ||
| 035 | _aUPN01000178221 | ||
| 049 | _aCG | ||
| 050 | 4 |
_aJL1281 _bH8.6 |
|
| 100 | 1 | _aHuerta Psihas, Elías | |
| 245 | 1 | 3 |
_aLa nueva democracia mexicana : _blas plataformas electorales mínimas de los partidos políticos de México / _cElías Huerta Psihas. |
| 260 |
_aMéxico : _bAcademia Mexicana de Derecho Electoral, _c1988. |
||
| 300 | _a371 p. | ||
| 440 | 0 |
_aTextos y documentos ; _v1 |
|
| 650 | 2 |
_aElecciones _zMéxico _95520 |
|
| 650 | 4 |
_aDemocracia _zMéxico _913249 |
|
| 650 | 4 |
_aParticipación política _zMéxico _912975 |
|
| 905 | _aLibro | ||
| 999 |
_c150324 _d150324 |
||